Statistics for Countries Most Similar To Pakistan

Click here to take the quiz!

General Stats

  • This quiz has been taken 120 times
  • The average score is 12 of 21

Answer Stats

RankCountryScore% Correct
1India72.6
98%
2Afghanistan69.9
93%
7Iran65.6
91%
3Bangladesh69.1
87%
4Iraq68.6
81%
6Nepal65.7
74%
20Tajikistan61.4
67%
17Sri Lanka62.3
66%
10Syria63.7
61%
8Egypt64.5
54%
5Yemen66.7
54%
20Uzbekistan61.4
51%
11Algeria63.6
44%
9Morocco64.2
43%
19Libya61.5
39%
18Somalia61.9
39%
12Sudan63.1
36%
12Jordan63.1
33%
15Palestine62.7
23%
15Mauritania62.7
21%
14Djibouti62.9
14%

Score Distribution

Percentile by Number Answered

Percent of People with Each Score

Your Score History

You have not taken this quiz